SHAFERS TEXT BOOK OF ORAL PATHOLOGY (Record no. 4861)

MARC details
000 -LEADER
fixed length control field 00336nam a2200133Ia 4500
008 - FIXED-LENGTH DATA ELEMENTS--GENERAL INFORMATION
fixed length control field 150201s2014 xx 000 0 und d
082 ## - DEWEY DECIMAL CLASSIFICATION NUMBER
Classification number 616.0707
Item number S2012R
100 ## - MAIN ENTRY--PERSONAL NAME
Personal name RAJENDRAN ,R
245 ## - TITLE STATEMENT
Title SHAFERS TEXT BOOK OF ORAL PATHOLOGY
250 ## - EDITION STATEMENT
Edition statement 7TH
260 ## - PUBLICATION, DISTRIBUTION, ETC. (IMPRINT)
Name of publisher, distributor, etc. ELSEVIER PUBLICATION
650 ## - SUBJECT ADDED ENTRY--TOPICAL TERM
Topical term or geographic name as entry element ORAL PATHOLOGY
942 ## - ADDED ENTRY ELEMENTS (KOHA)
Source of classification or shelving scheme Dewey Decimal Classification
Koha item type Books
Koha issues (borrowed), all copies 15
Holdings
Withdrawn status Lost status Source of classification or shelving scheme Damaged status Not for loan Home library Current library Date acquired Serial Enumeration / chronology SGTU Total Checkouts Full call number Barcode Date last seen Date last checked out Bill Date Koha item type Total Renewals
    Dewey Decimal Classification     SGT Dental Library SGT Dental Library 07/08/2014 1 SGTU 3 616.0707 S2012R FD7048 10/10/2025 10/10/2025 09/02/2015 Books  
    Dewey Decimal Classification     SGT Dental Library SGT Dental Library 07/08/2014 1 SGTU 26 616.0707 S2012R FD7049 29/11/2021 29/11/2021 09/02/2015 Books  
    Dewey Decimal Classification     SGT Dental Library SGT Dental Library 07/08/2014 1 SGTU 13 616.0707 S2012R FD7050 19/11/2025 13/11/2025 09/02/2015 Books 2